Demandas cognitivas del desarrollo de la expresión escrita en adolescentes /

El desarrollo de la expresión escrita en estudiantes secundarios tendría que ser orientado hacia la incentivacion de las complejas relaciones involucradas en la elaboración de significados coherentes. Esto presupone el logro de una sólida organización del conocimiento base a través de diferentes pro...

Full description

Bibliographic Details
Main Author: Sequeida Yupanqui, Julia
Other Authors: Seymour, Guillermo
Format: Analitica de revista
Language:Spanish
Published: Santiago, Chile Pontificia Universidad Católica de Chile 1994

MARC

LEADER 00000cab a2200000 a 4500
001 036473
003 UAHC_CL
005 20170803124005.0
008 030922s1994 cl f 000 spa
040 |a UAHC_CL  |c UAHC_CL  |d UAHC_CL 
100 1 |a Sequeida Yupanqui, Julia 
245 1 0 |a Demandas cognitivas del desarrollo de la expresión escrita en adolescentes /  |c Julia Sequeida, Guillermo Seymour. 
260 |b Pontificia Universidad Católica de Chile  |c 1994  |a Santiago, Chile 
300 |a p. 219-236 
500 |a En: Pensamiento educativo, nû15, 1994. p. 219-236. ISSN 07171013. 
500 |a En: Pensamiento educativo, n°15, 1994. p. 219-236. ISSN 07171013. 
500 |a En: Pensamiento educativo, nç15, 1994. p. 219-236. ISSN 07171013. 
520 |a El desarrollo de la expresión escrita en estudiantes secundarios tendría que ser orientado hacia la incentivacion de las complejas relaciones involucradas en la elaboración de significados coherentes. Esto presupone el logro de una sólida organización del conocimiento base a través de diferentes procesamientos, que se iniciarían con el afectivo y podrían ser integrados en el procesamiento estratégico. Esto permite destacar la gran relevancia del desarrollo metacognitivo y del razonamiento estratégico en el complejo proceso de elaboración y expresión del significado, antes mencionado. 
520 |a El desarrollo de la expresión escrita en estudiantes secundarios tendría que ser orientado hacia la incentivacion de las complejas relaciones involucradas en la elaboración de significados coherentes. Esto presupone el logro de una sólida organización del conocimiento base a través de diferentes procesamientos, que se iniciarían con el afectivo y podrían ser integrados en el procesamiento estratégico. Esto permite destacar la gran relevancia del desarrollo metacognitivo y del razonamiento estratégico en el complejo proceso de elaboración y expresión del significado, antes mencionado. 
700 1 |a Seymour, Guillermo 
759 |a PP160 
773 0 |t Revista PRELAC  |w 041234 
900 |a PENSAMIENTO EDUCATIVO-15/94 
942 |c REVA 
952 |0 0  |1 0  |4 0  |6 PENSAMIENTO_EDUCATIVO15_94_000000000000000  |7 0  |8 General  |9 69194  |a BC  |b BC  |c General  |d 2017-08-03  |l 0  |o PENSAMIENTO EDUCATIVO-15/94  |p FICTICIO4756  |r 2019-01-08 00:00:00  |t 1  |w 2017-08-03  |y REVA 
999 |c 36473  |d 36473